(Francisco José de Goya y Lucientes), Goya (Record no. 134732)

MARC details
000 -LEADER
campo de control de longitud fija 00945nam a22002651 4500
001 - NÚMERO DE CONTROL
campo de control 134732
003 - IDENTIFICADOR DE NÚMERO DE CONTROL
campo de control ES-MaACL
005 - FECHA Y HORA DE LA ÚLTIMA TRANSACCIÓN
campo de control 20250822062534.0
007 - CAMPO FIJO DE DESCRIPCIÓN FÍSICA--INFORMACIÓN GENERAL
campo de control de longitud fija t|
008 - DATOS DE LONGITUD FIJA--INFORMACIÓN GENERAL
campo de control de longitud fija 070913s1961 sp ||||0| spa d
016 7# - NÚMERO DE CONTROL DE UNA AGENCIA BIBLIOGRÁFICA NACIONAL
Número de control cancelado/no válido IND2000944991
040 ## - FUENTE DE CATALOGACIÓN
Centro catalogador/agencia de origen M-BN
Lengua de catalogación spa
Centro/agencia transcriptor CDM
080 ## - NÚMERO DE LA CLASIFICACIÓN DECIMAL UNIVERSAL
Número de la Clasificación Decimal Universal 75(Goya y Lucientes, Francisco de)
100 1# - ENTRADA PRINCIPAL--NOMBRE DE PERSONA
Nombre de persona Wight, Frederick S.
9 (RLIN) 116792
245 11 - MENCIÓN DEL TÍTULO
Título (Francisco José de Goya y Lucientes), Goya
Resto del título : 1746-1828 /
Mención de responsabilidad, etc. texto de Frederick S. Wight... ; traducción de S. Santos Torroella.
260 ## - PUBLICACIÓN, DISTRIBUCIÓN, ETC.
Lugar de publicación, distribución, etc. Barcelona :
Nombre del editor, distribuidor, etc. Timún Mas :
-- [Ariel],
Fecha de publicación, distribución, etc. 1961.
300 ## - DESCRIPCIÓN FÍSICA
Extensión 17 p., 8 h. de lám., lám. en col. 11-30 :
Otras características físicas il. ;
Dimensiones 17 cm.
490 1# - MENCIÓN DE SERIE
Mención de serie el libro de arte de bolsillo
600 14 - PUNTO DE ACCESO ADICIONAL DE MATERIA--NOMBRE DE PERSONA
Nombre de persona Goya, Francisco de,
Fechas asociadas al nombre 1746-1828
9 (RLIN) 240353
700 1# - ENTRADA AGREGADA--NOMBRE PERSONAL
Nombre de persona Santos Torroella, Rafael.
9 (RLIN) 103536
830 0# - PUNTO DE ACCESO ADICIONAL DE SERIE-TÍTULO UNIFORME
Título uniforme el libro de arte de bolsillo
9 (RLIN) 183601
852 ## - LOCALIZACIÓN
Ubicación ES-MaACL
Número de control de estantería C-26500
Sublocalización o colección R.55493
942 ## - ELEMENTOS DE ENTRADA SECUNDARIOS (KOHA)
Fuente del sistema de clasificación o colocación Clasificación decimal universal
Holdings
Estatus retirado Estado de pérdida Estado de daño No para préstamo Biblioteca de origen Biblioteca actual Ubicación en estantería Fecha de adquisición Fuente de adquisición Total de préstamos Signatura topográfica completa Código de barras Visto por última vez Precio de reemplazo Tipo de ítem Koha
        Biblioteca del Ateneo de Madrid Biblioteca del Ateneo de Madrid Depósito 2 17/01/2008     C-26500 1140240 23/02/2023 23/02/2023 Libro impreso